000 00469nam a2200169Ia 4500
999 _c36773
_d36773
003 OSt
005 20201211101201.0
008 190216s9999||||xx |||||||||||||| ||und||
040 _coclc
082 _a305.3
_bRIM/W
100 _aRimler, Marlene
_97363
245 0 _aWomen On Men /
_cMarlene Rimler
260 _bIndia Book Distibutors,
_aBombay:
_c1993.
300 _a167p
650 _aEnglish
942 _cREF
_2ddc
_h305.3
_iRIM/W
_k305.3
_mRIM/W